000 00771cab a2200241 4500
001 ABS48911
008 090401t1993 xxu||||| |||| 00| 0 eng d
035 _a(Sirsi) u69109
041 _aeng
100 _aCarr, B.
245 _aBlock pavings: design guidance
260 _c1993
350 _a0
490 _aCS Monthly
_bthe Building Surveyor
_v2(10) July/August 1993, 8-9(2)
520 _aAdvises on the design, selection of materials, and constructional practicalities of paving with clay or concrete blocks. Maintenance and refurbishment are also covered.
650 _aBLOCK PAVING
650 _aCONCRETE BLOCKS
650 _aPAVING
650 _aSPECIFICATION
690 _aBUILT ENVIRONMENT-CONSTRUCTION DESIGN
942 _n0
948 _c04/03/1997
999 _c43411
_d43411